ბათუმის შოთა რუსთაველის სახელმწიფო უნივერსიტეტის ბიბლიოთეკა

Интегрирование в топологических группах и его применения (ბიბ.ჩანაწერი № 48148)

000 -LEADER
fixed length control field 00828nam a2200217Ia 4500
001 - CONTROL NUMBER
control field 15030
003 - CONTROL NUMBER IDENTIFIER
control field GE_BSU
008 - FIXED-LENGTH DATA ELEMENTS--GENERAL INFORMATION
fixed length control field 181216s||||||||xx |||||||||||||| ||und||
040 ## - CATALOGING SOURCE
Transcribing agency GE_BSU
080 ## - UNIVERSAL DECIMAL CLASSIFICATION NUMBER
Universal Decimal Classification number 517.3
100 ## - MAIN ENTRY--PERSONAL NAME
Personal name Вейль,Герман
245 ## - TITLE STATEMENT
Title Интегрирование в топологических группах и его применения
245 ## - TITLE STATEMENT
Statement of responsibility, etc. Пер.с франц. Г.М.Адельсон-Вельского и М.И. Вишика. Под ред. Н.Я.Виленкина
260 ## - PUBLICATION, DISTRIBUTION, ETC.
Place of publication, distribution, etc. Москва
260 ## - PUBLICATION, DISTRIBUTION, ETC.
Name of publisher, distributor, etc. Изд-во Иностранной литературы
260 ## - PUBLICATION, DISTRIBUTION, ETC.
Date of publication, distribution, etc. 1950
300 ## - PHYSICAL DESCRIPTION
Extent 220стр.20см.
300 ## - PHYSICAL DESCRIPTION
Accompanying material Указатель стр.212
653 ## - INDEX TERM--UNCONTROLLED
Uncontrolled term Классические группы их инварианты и представления
942 ## - ADDED ENTRY ELEMENTS (KOHA)
Koha item type წიგნი
ეგზემპლარები
Withdrawn status Lost status Damaged status Not for loan Date acquired Barcode Date last seen Price effective from Koha item type
        2018-12-17 17545 2018-12-17 2018-12-17 წიგნი